Logo Biblioteca

La isla del tesoro / (Registro nro. 909)

Detalles MARC
000 -LEADER
fixed length control field 01126nam a22002297a 4500
003 - CONTROL NUMBER IDENTIFIER
control field AR-RoUNCS
005 - DATE AND TIME OF LATEST TRANSACTION
control field 20260220162247.0
008 - FIXED-LENGTH DATA ELEMENTS--GENERAL INFORMATION
fixed length control field 160811s2007 ag r spa
015 ## - NATIONAL BIBLIOGRAPHY NUMBER
National bibliography number AR-2007
020 ## - INTERNATIONAL STANDARD BOOK NUMBER
International Standard Book Number 978-987-573-201-8
040 ## - CATALOGING SOURCE
Original cataloging agency AR-BaBN
Language of cataloging spa
Transcribing agency AR-RoUNCS
Description conventions aacr
044 ## - COUNTRY OF PUBLISHING/PRODUCING ENTITY CODE
MARC country code ag
ISO country code ar-c
080 ## - UNIVERSAL DECIMAL CLASSIFICATION NUMBER
Authority record control number or standard number 82-311.3(410)
100 1# - MAIN ENTRY--PERSONAL NAME
Personal name Stevenson, Robert Louis,
Dates associated with a name 1850-1894
Relator term autor
Relationship aut
245 13 - TITLE STATEMENT
Title La isla del tesoro /
Statement of responsibility, etc. Robert Luis Stevenson.
260 ## - PUBLICATION, DISTRIBUTION, ETC.
Place of publication, distribution, etc. Buenos Aires :
Name of publisher, distributor, etc. SM,
Date of publication, distribution, etc. 2007.
300 ## - PHYSICAL DESCRIPTION
Extent 254 p. ;
Dimensions 19 cm.
520 3# - SUMMARY, ETC.
Summary, etc. La llegada de un misterioso marino a la posada de su padre cambiará la vida del joven Jim Hawkins. El viejo confraternizará con él y, al morir repentinamente en la posada, Jim hallará entre sus cosas un mapa que revela la ubicación de un tesoro pirata enterrado en una isla remota. Animado por la posibilidad de vivir una aventura y de conseguir una riqueza inimaginable, Jim se embarcará en un viaje lleno de peligros y, quizá, también fortuna.
650 #7 - SUBJECT ADDED ENTRY--TOPICAL TERM
Source of heading or term embne
Topical term or geographic name entry element Literatura inglesa
655 #7 - INDEX TERM--GENRE/FORM
Source of term embne
Genre/form data or focus term Novelas de acción y aventuras
General subdivision Libros juveniles
942 ## - ADDED ENTRY ELEMENTS (KOHA)
Source of classification or shelving scheme Universal Decimal Classification
Koha item type Obra General
Suppress in OPAC No
Existencias
Withdrawn status Lost status Source of classification or shelving scheme Damaged status Not for loan Collection Home library Current library Date acquired Source of acquisition Total checkouts Full call number Barcode Date last seen Price effective from Koha item type
    Universal Decimal Classification     Colección General Biblioteca Escuela de Ciencias Sociales Biblioteca Escuela de Ciencias Sociales 20/02/2026 Donación 2023   82-311.3(410) ST847 000269 20/02/2026 20/02/2026 Obra General
Biblioteca de la Escuela Preuniversitaria en Ciencias Sociales y Humanísticas.
Riobamba 250 bis.
CP 2000 - Rosario - Santa Fe
E-Mail: biblioteca@esociales.unr.edu.ar